[Event "4NCL/Div2/BAR3-SLO2"]
[Site "Rd-8 Birmingham"]
[Date "2002.03.24"]
[Round "8.1"]
[White "Mack, Andrew"]
[Black "Tarifa, Alket"]
[Result "1/2-1/2"]
[WhiteElo "2275"]
[BlackElo "2249"]
[PlyCount "66"]
[EventDate "2002.03.24"]

1. e4 c6 2. d4 d5 3. Nd2 dxe4 4. Nxe4 Bf5 5. Ng3 Bg6 6. h4 h6 7. Nf3 Nd7 8. h5
Bh7 9. Bd3 Bxd3 10. Qxd3 Ngf6 11. Bd2 e6 12. Qe2 Be7 13. O-O-O Qc7 14. Ne5 Nxe5
15. dxe5 Nd5 16. Kb1 b5 17. f4 b4 18. Ne4 Rb8 19. Rh3 c5 20. c4 bxc3 21. Nxc3
c4 22. Nxd5 exd5 23. Bc3 O-O 24. Rg3 Bb4 25. Bxb4 Rxb4 26. Qg4 f5 27. exf6 Rxf6
28. Rxd5 Rb7 29. Re5 Qc6 30. Qf3 Qd7 31. Rd5 Qe7 32. Re5 Qd7 33. Rd5 Qe7
1/2-1/2

[Event "4NCL/Div2/BAR3-SLO2"]
[Site "Rd-8 Birmingham"]
[Date "2002.03.24"]
[Round "8.2"]
[White "Harris, Michael J"]
[Black "Taylor, Peter P"]
[Result "1/2-1/2"]
[WhiteElo "2235"]
[BlackElo "2229"]
[PlyCount "136"]
[EventDate "2002.03.24"]

1. c4 Nf6 2. Nc3 e5 3. g3 d5 4. cxd5 Nxd5 5. Bg2 Nb6 6. Nf3 Nc6 7. O-O Be7 8.
d3 O-O 9. a4 a5 10. Be3 Re8 11. d4 Nc4 12. d5 Nb4 13. Bc1 Bf8 14. Qb3 Nd6 15.
e4 b6 16. Rd1 Ba6 17. Bf1 Qd7 18. Bxa6 Nxa6 19. Be3 Nb7 20. Rac1 Bc5 21. Nb5
Nd6 22. Nxd6 cxd6 23. Nd2 Rab8 24. Nc4 b5 25. axb5 Rxb5 26. Qc3 Bxe3 27. Qxe3
Nc5 28. Rc3 a4 29. Rdc1 Nb3 30. Nb6 Rxb6 31. Qxb6 Nxc1 32. Rxc1 h5 33. Rc6 Qg4
34. Qe3 Qd1+ 35. Kg2 Rb8 36. Rxd6 Rb3 37. Rd8+ Kh7 38. Qg5 Qf3+ 39. Kh3 Rxb2
40. Qxe5 Rxf2 41. Qf5+ Qxf5+ 42. exf5 Rxf5 43. g4 Rf3+ 44. Kh4 hxg4 45. Kxg4
Rd3 46. Kf5 a3 47. Ke4 a2 48. Ra8 Rd2 49. h3 Kg6 50. Kf4 Kf6 51. Ra6+ Ke7 52.
Ke5 f6+ 53. Ke4 Kd7 54. h4 Rh2 55. Kf5 Rxh4 56. Rxa2 Kd6 57. Rg2 Rh5+ 58. Kf4
Rh7 59. Ke4 Rh4+ 60. Kf5 Rh5+ 61. Kf4 Kxd5 62. Rxg7 Ke6 63. Ra7 Rh4+ 64. Kf3
Rb4 65. Ra5 f5 66. Ra6+ Ke5 67. Ra5+ Kf6 68. Ra8 Rb3+ 1/2-1/2

[Event "4NCL/Div2/BAR3-SLO2"]
[Site "Rd-8 Birmingham"]
[Date "2002.03.24"]
[Round "8.3"]
[White "Rich, Mark"]
[Black "Richmond, Robert J"]
[Result "1/2-1/2"]
[WhiteElo "2180"]
[BlackElo "2234"]
[PlyCount "59"]
[EventDate "2002.03.24"]

1. e4 e5 2. Bc4 d6 3. Nc3 Nf6 4. d3 Be7 5. f4 exf4 6. Bxf4 O-O 7. Nf3 c6 8. Bb3
Nbd7 9. d4 b5 10. e5 Ne8 11. O-O dxe5 12. Nxe5 Nxe5 13. Bxe5 Nf6 14. Qf3 Bd7
15. Ne4 Nd5 16. Rae1 Be8 17. Qg4 f6 18. Bg3 Bf7 19. c3 Qc8 20. Qxc8 Raxc8 21.
Bd6 Bxd6 22. Nxd6 Rcd8 23. Nxf7 Kxf7 24. Re4 Rfe8 25. Rfe1 Rxe4 26. Rxe4 Rd6
27. Kf2 Rd7 28. Kf3 Rd6 29. g4 Rd8 30. a3 1/2-1/2

[Event "4NCL/Div2/BAR3-SLO2"]
[Site "Rd-8 Birmingham"]
[Date "2002.03.24"]
[Round "8.4"]
[White "de Coverly, Roger"]
[Black "Karayiannis, Costas"]
[Result "0-1"]
[WhiteElo "2106"]
[BlackElo "2157"]
[PlyCount "130"]
[EventDate "2002.03.24"]

1. d4 Nf6 2. Bg5 d5 3. Bxf6 exf6 4. e3 c6 5. c4 Bb4+ 6. Nc3 dxc4 7. Bxc4 O-O 8.
Nge2 Qe7 9. O-O Nd7 10. a3 Bd6 11. Ba2 f5 12. d5 Ne5 13. Nd4 Qh4 14. f4 Ng4 15.
Nf3 Qe7 16. Re1 Bc5 17. Qd3 Re8 18. Nd1 cxd5 19. Rc1 Be6 20. h3 Nf6 21. Bb1 Bb6
22. Nc3 a6 23. Nd4 g6 24. Na4 Ba7 25. b4 Ne4 26. Qe2 Rac8 27. Bxe4 dxe4 28.
Nxe6 Qxe6 29. Nc5 Bxc5 30. bxc5 Red8 31. Qc4 Rd3 32. Qxe6 fxe6 33. a4 Kf7 34.
Rc4 e5 35. fxe5 Ke6 36. Rb1 Rc7 37. Rcb4 Rxe3 38. Kf2 Rc3 39. Rxb7 R7xc5 40.
Rxh7 Kxe5 41. Re7+ Kf4 42. Reb7 Rc2+ 43. Kf1 Rc1+ 44. Rxc1 Rxc1+ 45. Ke2 Rc2+
46. Kf1 g5 47. Rb3 Ra2 48. g3+ Ke5 49. Rb4 Rh2 50. Rb6 Rxh3 51. Kg2 Rh7 52.
Rxa6 Rd7 53. Ra8 f4 54. a5 f3+ 55. Kf1 Kd4 56. Rb8 e3 57. Rb1 Kc3 58. Ra1 Kb2
59. Re1 e2+ 60. Kf2 g4 61. Rh1 Ra7 62. Rh5 Re7 63. Rh1 Re6 64. Ke1 Kc2 65. Rh2
Rd6 0-1

[Event "4NCL/Div2/BAR3-SLO2"]
[Site "Rd-8 Birmingham"]
[Date "2002.03.24"]
[Round "8.5"]
[White "Flower, David"]
[Black "Armstrong, Malcolm J"]
[Result "0-1"]
[WhiteElo "2094"]
[BlackElo "2132"]
[PlyCount "118"]
[EventDate "2002.03.24"]

1. Nf3 e6 2. g3 b6 3. Bg2 Bb7 4. O-O f5 5. b3 Nf6 6. Bb2 g6 7. d3 Bg7 8. e4
fxe4 9. Ng5 O-O 10. Nd2 Qe7 11. Qe2 exd3 12. cxd3 Bxg2 13. Kxg2 Nd5 14. Bxg7
Kxg7 15. Nde4 c5 16. h4 Nc6 17. Rae1 Nd4 18. Qb2 h6 19. Nh3 a5 20. a3 Rf5 21.
f4 Raf8 22. Nd2 Kg8 23. Nf3 Nxf3 24. Rxf3 Qg7 25. Qxg7+ Kxg7 26. Rf2 a4 27. Rb2
Ra8 28. bxa4 Rxa4 29. Rb3 Rf8 30. Re4 Ra5 31. Re1 Rfa8 32. Ra1 b5 33. Rc1 d6
34. Nf2 Kf7 35. Ne4 Ke7 36. Rcb1 Nc7 37. h5 gxh5 38. Rh1 Rxa3 39. Rb2 Rxd3 40.
Rxh5 Re3 41. Nd2 Rea3 42. Ne4 Re3 43. Nd2 c4 44. Nf1 Rea3 45. Rb1 Rh8 46. Kf2
d5 47. Re1 Kf6 48. g4 b4 49. Ng3 b3 50. f5 b2 51. g5+ Kg7 52. fxe6 Rf8+ 53. Kg2
Nxe6 54. Rxh6 Nf4+ 55. Kh2 Rf7 56. Rb6 Ra1 57. Rf1 Rxf1 58. Nxf1 c3 59. Ne3 d4
0-1

[Event "4NCL/Div2/BAR3-SLO2"]
[Site "Rd-8 Birmingham"]
[Date "2002.03.24"]
[Round "8.6"]
[White "Crichton, Martin"]
[Black "Williamson, Paul L"]
[Result "0-1"]
[WhiteElo "2041"]
[BlackElo "2149"]
[PlyCount "117"]
[EventDate "2002.03.24"]

1. e4 c6 2. d3 d5 3. Nd2 e5 4. Ngf3 Bd6 5. Be2 Nf6 6. O-O O-O 7. c3 Re8 8. Re1
h6 9. h3 Nbd7 10. Qc2 Nf8 11. Bf1 Ng6 12. g3 Be6 13. Bg2 h5 14. Ng5 h4 15. Nxe6
Rxe6 16. Nf3 hxg3 17. fxg3 dxe4 18. dxe4 Bc5+ 19. Be3 Qb6 20. Bxc5 Qxc5+ 21.
Qf2 Qxf2+ 22. Kxf2 Rd8 23. Rac1 Red6 24. Rc2 Kf8 25. Ree2 Ke7 26. Nd2 Nd7 27.
Nb3 b5 28. Rcd2 Nb6 29. Rxd6 Rxd6 30. Nd2 Nf8 31. h4 Ne6 32. Nf1 Nc5 33. Ne3
Rd8 34. Rc2 f6 35. Bf3 Rd3 36. Ke2 Nba4 37. b4 Nxc3+ 38. Rxc3 Rxc3 39. bxc5
Rxc5 40. Kd3 Rc1 41. Bd1 c5 42. Kd2 Ra1 43. Nd5+ Kd6 44. a4 Ra2+ 45. Kc1 b4 46.
Ne3 g6 47. Bb3 Re2 48. Nd5 Rxe4 49. Nxf6 Re3 50. Bc2 Ke6 51. Ne4 Kd5 52. Nf6+
Kd4 53. Bxg6 Rxg3 54. h5 c4 55. Ne4 Rg4 56. Kb2 Rg2+ 57. Kc1 b3 58. Nd6 c3 59.
Nb5+ 0-1

[Event "4NCL/Div2/BAR3-SLO2"]
[Site "Rd-8 Birmingham"]
[Date "2002.03.24"]
[Round "8.7"]
[White "Ozeren, Kemal"]
[Black "McGowan, Daniel"]
[Result "1-0"]
[WhiteElo "2120"]
[BlackElo "2003"]
[PlyCount "37"]
[EventDate "2002.03.24"]

1. c4 e6 2. Nf3 d5 3. cxd5 exd5 4. d4 c6 5. Bf4 Nf6 6. Nc3 Bd6 7. Bxd6 Qxd6 8.
e3 Bf5 9. Be2 Nbd7 10. O-O O-O 11. Nh4 Bg6 12. f4 Be4 13. g4 Qe7 14. g5 Ne8 15.
Nxe4 Qxe4 16. Rf3 Nd6 17. Bd3 Qe7 18. Bxh7+ Kxh7 19. Rh3 1-0

[Event "4NCL/Div2/BAR3-SLO2"]
[Site "Rd-8 Birmingham"]
[Date "2002.03.24"]
[Round "8.8"]
[White "Chevannes, Sabrina"]
[Black "Macnab, Louise C"]
[Result "1/2-1/2"]
[WhiteElo "1824"]
[BlackElo "1665"]
[PlyCount "66"]
[EventDate "2002.03.24"]

1. d4 d5 2. Nf3 Nf6 3. c3 Bf5 4. Bg5 c6 5. Qb3 Qc7 6. Nbd2 Nbd7 7. e3 e6 8. Be2
Be7 9. O-O O-O 10. Nh4 Bg6 11. Nxg6 hxg6 12. f4 c5 13. Qd1 Rac8 14. Rf3 cxd4
15. exd4 Bd6 16. Qe1 Nh5 17. g3 a6 18. Qf2 Nhf6 19. g4 Ne4 20. Nxe4 dxe4 21.
Re3 f6 22. Bh4 Bxf4 23. Rxe4 e5 24. dxe5 Bxe5 25. Bc4+ Kh7 26. Bg3 Qc5 27. Bb3
Qxf2+ 28. Bxf2 Nc5 29. Bxc5 Rxc5 30. Rae1 g5 31. Bc2 g6 32. Rd1 Kg7 33. Bb3 Rc7
1/2-1/2

[Event "4NCL/Div2/KH-WS"]
[Site "Rd-8 Birmingham"]
[Date "2002.03.24"]
[Round "8.1"]
[White "Berry, Stephen"]
[Black "Headlong, Timothy"]
[Result "1/2-1/2"]
[WhiteElo "2309"]
[BlackElo "2232"]
[PlyCount "69"]
[EventDate "2002.03.24"]

1. e4 c5 2. Nf3 Nc6 3. Bb5 g6 4. O-O Bg7 5. c3 Nf6 6. Re1 O-O 7. h3 e5 8. d3 d6
9. Bg5 h6 10. Bxf6 Qxf6 11. Nbd2 h5 12. Nf1 Bh6 13. Ne3 Be6 14. Bc4 Bxe3 15.
Rxe3 Rad8 16. Qe2 Rfe8 17. Re1 a6 18. a4 Rb8 19. Nd2 b5 20. axb5 axb5 21. Bd5
Rec8 22. Rf1 Kg7 23. Kh1 Rc7 24. Rf3 Qe7 25. Rg3 h4 26. Re3 g5 27. Nf3 Nd4 28.
Qd1 Nxf3 29. Qxf3 Qf6 30. Qd1 b4 31. c4 Ra7 32. Rf3 Qh6 33. Re3 Qf6 34. Rf3 Qh6
35. Re3 1/2-1/2

[Event "4NCL/Div2/KH-WS"]
[Site "Rd-8 Birmingham"]
[Date "2002.03.24"]
[Round "8.2"]
[White "Haydon, Richard"]
[Black "Thomas, Richard H"]
[Result "1/2-1/2"]
[WhiteElo "2208"]
[BlackElo "2230"]
[PlyCount "26"]
[EventDate "2002.03.24"]

1. g3 d5 2. Nf3 c5 3. Bg2 Nc6 4. d4 Nf6 5. O-O e6 6. c4 dxc4 7. Qa4 cxd4 8.
Nxd4 Qxd4 9. Bxc6+ Bd7 10. Bxd7+ Qxd7 11. Qxc4 Rc8 12. Qb3 Bc5 13. Nc3 O-O
1/2-1/2

[Event "4NCL/Div2/KH-WS"]
[Site "Rd-8 Birmingham"]
[Date "2002.03.24"]
[Round "8.3"]
[White "McMichael, Richard"]
[Black "Smallbone, Kieran"]
[Result "1/2-1/2"]
[WhiteElo "2265"]
[BlackElo "2110"]
[PlyCount "62"]
[EventDate "2002.03.24"]

1. c4 Nf6 2. g3 e5 3. Bg2 d5 4. cxd5 Nxd5 5. Nc3 Nb6 6. Nf3 Nc6 7. O-O Be7 8.
d3 O-O 9. a3 Be6 10. b4 f6 11. Bb2 Qd7 12. Re1 a5 13. b5 Nd4 14. Nxd4 exd4 15.
Ne4 Rad8 16. a4 Bb4 17. Ba3 Bxa3 18. Rxa3 Qe7 19. Ra1 Nd5 20. Qd2 Nb4 21. Rec1
b6 22. Qb2 Rfe8 23. Re1 g6 24. Rac1 Na2 25. Ra1 Nb4 26. Nd2 Kg7 27. Nb3 Qd6 28.
Rac1 Qe5 29. Nd2 Bg4 30. Nf3 Qd6 31. Red1 Be6 1/2-1/2

[Event "4NCL/Div2/KH-WS"]
[Site "Rd-8 Birmingham"]
[Date "2002.03.24"]
[Round "8.4"]
[White "Bourne, Johnathan"]
[Black "Mackenzie, Colin"]
[Result "0-1"]
[WhiteElo "2008"]
[BlackElo "2164"]
[PlyCount "108"]
[EventDate "2002.03.24"]

1. e4 e6 2. d4 d5 3. Nc3 Bb4 4. e5 c5 5. a3 Bxc3+ 6. bxc3 Qc7 7. Qg4 f6 8. Nf3
c4 9. exf6 Nxf6 10. Qg3 Qxg3 11. hxg3 Ne4 12. Bd2 O-O 13. Rh4 Nd6 14. Rf4 Re8
15. Ne5 Nd7 16. Nxd7 Bxd7 17. f3 g5 18. Rf6 Nf7 19. f4 g4 20. Be2 h5 21. Bxg4
hxg4 22. Rg6+ Kh7 23. Rxg4 Nh6 24. Rh4 Kg6 25. O-O-O Nf5 26. Rh3 Rh8 27. Rdh1
Kg7 28. g4 Nd6 29. f5 Rxh3 30. Rxh3 exf5 31. Bf4 Nf7 32. gxf5 Bxf5 33. Rh5 Be4
34. g4 Rh8 35. Rxh8 Kxh8 36. Kd2 Kg7 37. Bb8 a6 38. Bf4 Kg6 39. Ke2 Nh6 40. g5
Nf7 41. Kd2 Nxg5 42. Bd6 Kf5 43. Kd1 Kg4 44. Kd2 Kf3 45. Be7 Ne6 46. Bf6 Nf4
47. Bg5 Bf5 48. Be7 Nh3 49. Bd6 Nf2 50. Bb4 Ne4+ 51. Kd1 Ke3 52. Ba5 Kf2 53.
Kc1 Ke2 54. Kb2 Kd1 0-1

[Event "4NCL/Div2/KH-WS"]
[Site "Rd-8 Birmingham"]
[Date "2002.03.24"]
[Round "8.5"]
[White "Kwiatkowski, Feliks J"]
[Black "Chapman, Graham W"]
[Result "1-0"]
[WhiteElo "2213"]
[BlackElo "1984"]
[PlyCount "34"]
[EventDate "2002.03.24"]

1. e4 d5 2. exd5 Qxd5 3. Nc3 Qa5 4. d4 Nf6 5. Nf3 Bg4 6. h3 Bh5 7. Bd2 c6 8. g4
Bg6 9. Ne5 Nbd7 10. Nc4 Qc7 11. Qf3 b5 12. Nxb5 cxb5 13. Qxa8+ Nb8 14. Ba5 Qf4
15. Ne5 Qe4+ 16. Qxe4 Bxe4 17. Bxb5+ Nbd7 1-0

[Event "4NCL/Div2/KH-WS"]
[Site "Rd-8 Birmingham"]
[Date "2002.03.24"]
[Round "8.6"]
[White "Jones, Nicholas C"]
[Black "Okike, David C"]
[Result "1/2-1/2"]
[WhiteElo "1864"]
[BlackElo "2149"]
[PlyCount "144"]
[EventDate "2002.03.24"]

1. e4 e6 2. d3 c5 3. g3 Nc6 4. Bg2 g6 5. Nc3 Bg7 6. Nh3 Nge7 7. O-O O-O 8. f4
d6 9. Ne2 Qc7 10. c3 f5 11. Ng5 h6 12. Nf3 Bd7 13. h3 Rad8 14. g4 e5 15. exf5
gxf5 16. g5 hxg5 17. Nxg5 Qb6 18. Kh1 Rf6 19. b4 cxb4 20. Qb3+ d5 21. fxe5 Nxe5
22. Nf4 Rh6 23. d4 bxc3 24. Qxb6 Rxb6 25. Nxd5 Nxd5 26. Bxd5+ Kf8 27. Ba3+ Ke8
28. dxe5 Bc6 29. Bxc6+ Rxc6 30. Rxf5 c2 31. Rc1 Bh6 32. Bd6 Rdc8 33. Kg2 Ra6
34. a3 Rb6 35. h4 Rc4 36. Rf2 Rb1 37. Rff1 Rb3 38. Rf2 Rb1 39. Rff1 Rxc1 40.
Rxc1 Rxh4 41. Rxc2 Bxg5 42. Rc7 Rd4 43. Rxb7 a5 44. Rb5 Bd8 45. Rb7 Rd3 46. Kf2
Bg5 47. Rb5 Bd8 48. Ke2 Rd4 49. Ke3 Rd1 50. Rb7 Rh1 51. Ke4 Rh5 52. Kd5 Rg5 53.
Ra7 Rh5 54. Kc6 Rh6 55. Rg7 Bh4 56. Rg8+ Kf7 57. Ra8 Ke6 58. Rxa5 Rh8 59. a4
Rc8+ 60. Kb7 Rc4 61. Ra8 Bg3 62. Re8+ Kd7 63. Re7+ Kd8 64. Rg7 Bxe5 65. Bxe5
Rxa4 66. Kc6 Ra6+ 67. Kd5 Kc8 68. Bd6 Ra8 69. Rc7+ Kd8 70. Rb7 Kc8 71. Rc7+ Kd8
72. Rh7 Kc8 1/2-1/2

[Event "4NCL/Div2/KH-WS"]
[Site "Rd-8 Birmingham"]
[Date "2002.03.24"]
[Round "8.7"]
[White "Gilfillan, Andrew"]
[Black "Hunt, Laurence T"]
[Result "1-0"]
[WhiteElo "2024"]
[BlackElo "1752"]
[PlyCount "101"]
[EventDate "2002.03.24"]

1. e4 c5 2. Nc3 Nc6 3. f4 g6 4. Nf3 Bg7 5. Bc4 e6 6. d3 Nge7 7. e5 d5 8. exd6
Qxd6 9. Ne4 Qd8 10. c3 b6 11. O-O O-O 12. Qe1 Na5 13. Be3 Nxc4 14. dxc4 Bb7 15.
Rd1 Qc7 16. Nd6 Bc6 17. Ne5 Rad8 18. Nxc6 Nxc6 19. Ne4 Rxd1 20. Qxd1 Rd8 21.
Qf3 Ne7 22. Bf2 Nf5 23. g4 Nd6 24. Bh4 Rd7 25. Nf6+ Bxf6 26. Bxf6 Qb7 27. Qxb7
Nxb7 28. Rf2 Rd3 29. Re2 Nd6 30. b3 Ne8 31. Be5 Rd7 32. g5 Ng7 33. b4 cxb4 34.
cxb4 Nf5 35. Kf2 Kf8 36. c5 Ne7 37. Rc2 bxc5 38. Rxc5 Ke8 39. a4 Kd8 40. b5 Rd5
41. Rc2 Nc8 42. Rc7 Rd7 43. Rc3 Nb6 44. Bf6+ Ke8 45. a5 Rd2+ 46. Ke1 Rd5 47.
axb6 axb6 48. Rc8+ Kd7 49. Rd8+ Kc7 50. Rxd5 exd5 51. Be5+ 1-0

[Event "4NCL/Div2/KH-WS"]
[Site "Rd-8 Birmingham"]
[Date "2002.03.24"]
[Round "8.8"]
[White "Headlong, Fenella"]
[Black "Cox, Selena"]
[Result "1-0"]
[WhiteElo "1656"]
[BlackElo "1504"]
[PlyCount "57"]
[EventDate "2002.03.24"]

1. e4 e5 2. Nf3 d6 3. Bc4 Be7 4. d4 exd4 5. Nxd4 Nf6 6. Nc3 c5 7. Bb5+ Bd7 8.
Bxd7+ Qxd7 9. Nf5 O-O 10. O-O Rd8 11. Bg5 Nc6 12. Nxe7+ Nxe7 13. Bxf6 gxf6 14.
Qh5 a6 15. f4 f5 16. Rf3 Qe6 17. Rh3 h6 18. Qxh6 Qxh6 19. Rxh6 fxe4 20. Nxe4
Nf5 21. Rf6 d5 22. Rxf5 dxe4 23. Rxc5 Re8 24. Re1 Re7 25. Re3 Rd8 26. Re5 Rxe5
27. fxe5 Rd4 28. Kf2 Kg7 29. Rg3+ 1-0

[Event "4NCL/Div2/SWD-PY"]
[Site "Rd-8 Birmingham"]
[Date "2002.03.24"]
[Round "8.1"]
[White "Cobb, James E"]
[Black "Bigg, Andrew J"]
[Result "1-0"]
[WhiteElo "2324"]
[BlackElo "2250"]
[PlyCount "67"]
[EventDate "2002.03.24"]

1. e4 e6 2. Nf3 c5 3. Nc3 Nc6 4. Bb5 Nd4 5. Nxd4 cxd4 6. Ne2 Nf6 7. Bd3 e5 8.
c3 dxc3 9. dxc3 d5 10. Bg5 Be7 11. Bb5+ Bd7 12. Bxd7+ Qxd7 13. Bxf6 Bxf6 14.
Qxd5 O-O-O 15. Qxd7+ Rxd7 16. Rd1 Rhd8 17. Rxd7 Rxd7 18. h4 h5 19. Nc1 g5 20.
hxg5 Bxg5 21. Nb3 h4 22. Ke2 f6 23. Rd1 Rh7 24. Rd3 b6 25. Na1 Kc7 26. Nc2 Bc1
27. b3 Rg7 28. Kf3 a5 29. Rd1 Bg5 30. a4 Rh7 31. Kg4 Kc6 32. Na3 Bf4 33. Nc4
Rg7+ 34. Kh3 1-0

[Event "4NCL/Div2/SWD-PY"]
[Site "Rd-8 Birmingham"]
[Date "2002.03.24"]
[Round "8.2"]
[White "Addison, Bret C"]
[Black "Dineley, Richard DP"]
[Result "1/2-1/2"]
[WhiteElo "2235"]
[BlackElo "2284"]
[PlyCount "73"]
[EventDate "2002.03.24"]

1. e4 c5 2. Nf3 d6 3. d4 cxd4 4. Nxd4 Nf6 5. Nc3 e6 6. g4 Nc6 7. g5 Nd7 8. Ndb5
Nb6 9. Bf4 Ne5 10. Qh5 g6 11. Qe2 a6 12. Nd4 Nbc4 13. O-O-O Qb6 14. Nb3 Qc7 15.
Nd2 b5 16. Nxc4 Nxc4 17. Qf3 Bb7 18. Bxc4 Qxc4 19. Bxd6 Bxd6 20. Rxd6 b4 21.
Rb6 bxc3 22. Rxb7 cxb2+ 23. Kb1 O-O 24. Rd1 Rac8 25. Qd3 Qa4 26. Rd7 Rc5 27.
Rd8 Rc8 28. Rxf8+ Rxf8 29. h4 Rc8 30. f3 Qa5 31. Rd2 Qc5 32. Qd4 Qc7 33. Qd7
Qc5 34. Qd4 Qc7 35. Qd6 Qc4 36. Qd3 Qc5 37. Qd4 1/2-1/2

[Event "4NCL/Div2/SWD-PY"]
[Site "Rd-8 Birmingham"]
[Date "2002.03.24"]
[Round "8.3"]
[White "Zeidler, Sven P"]
[Black "Mutton, Jonathan B"]
[Result "0-1"]
[WhiteElo "2277"]
[BlackElo "2196"]
[PlyCount "104"]
[EventDate "2002.03.24"]

1. e4 c5 2. Nc3 Nc6 3. Bb5 Nd4 4. Bc4 e6 5. Nge2 Nf6 6. O-O a6 7. e5 d5 8. exf6
dxc4 9. fxg7 Bxg7 10. d3 Nxe2+ 11. Qxe2 cxd3 12. cxd3 O-O 13. Ne4 b6 14. Bg5
Qd4 15. Qf3 Bb7 16. Nf6+ Bxf6 17. Qxf6 Rfd8 18. Qh6 Rd5 19. Bf6 Qg4 20. f3 Qg6
21. Qxg6+ fxg6 22. Rfd1 Kf7 23. Bh4 Rc8 24. Rac1 Rc7 25. b4 Rc6 26. Bf2 cxb4
27. Rxc6 Bxc6 28. Bxb6 Bb5 29. d4 e5 30. Kf2 Bc4 31. Rd2 exd4 32. Bxd4 Bxa2 33.
Rxa2 Rxd4 34. Rxa6 Rd2+ 35. Kg3 b3 36. Ra7+ Ke6 37. Rxh7 Rd7 38. Rh4 Rb7 39.
Re4+ Kd5 40. Re1 b2 41. Rb1 Kc4 42. Kf4 Rb5 43. h4 Kc3 44. g4 Kc2 45. Rxb2+
Kxb2 46. g5 Kc3 47. Kg4 Kd4 48. h5 gxh5+ 49. Kxh5 Ke5 50. Kh6 Kf5 51. f4 Rb4
52. Kh7 Rxf4 0-1

[Event "4NCL/Div2/SWD-PY"]
[Site "Rd-8 Birmingham"]
[Date "2002.03.24"]
[Round "8.4"]
[White "Taylor, Martin R"]
[Black "Richmond, Peter A"]
[Result "1-0"]
[WhiteElo "2179"]
[BlackElo "2240"]
[PlyCount "79"]
[EventDate "2002.03.24"]

1. c4 e6 2. g3 d5 3. Bg2 c6 4. Nf3 Nf6 5. O-O Be7 6. Qc2 O-O 7. b3 Nbd7 8. Bb2
Re8 9. d4 Ne4 10. Nfd2 f5 11. Nxe4 fxe4 12. f3 exf3 13. exf3 Bf6 14. Nd2 Qb6
15. Qd3 Nf8 16. f4 Bd7 17. Nf3 c5 18. Rfc1 dxc4 19. Qxc4 Rec8 20. dxc5 Bxb2 21.
cxb6 Rxc4 22. bxc4 axb6 23. Ne5 Bxc1 24. Rxc1 Rxa2 25. Rb1 b5 26. cxb5 b6 27.
Bc6 Rd2 28. Ra1 Bxc6 29. bxc6 Rc2 30. Ra8 g6 31. Nd7 Rxc6 32. Rxf8+ Kg7 33. Rb8
Rc7 34. Ne5 g5 35. fxg5 Rc5 36. Rb7+ Kg8 37. Nd7 Rc4 38. Kg2 b5 39. Nf6+ Kf8
40. Nxh7+ 1-0

[Event "4NCL/Div2/SWD-PY"]
[Site "Rd-8 Birmingham"]
[Date "2002.03.24"]
[Round "8.5"]
[White "James, David J"]
[Black "Rendle, Thomas E"]
[Result "1/2-1/2"]
[WhiteElo "2247"]
[BlackElo "2135"]
[PlyCount "96"]
[EventDate "2002.03.24"]

1. Nf3 f5 2. d4 g6 3. g3 Nf6 4. Bg2 Bg7 5. O-O O-O 6. c4 d6 7. Nc3 Nc6 8. Rb1
e5 9. d5 Ne7 10. b4 h6 11. Qb3 g5 12. c5 Kh8 13. cxd6 cxd6 14. Nd2 f4 15. Nde4
Nf5 16. Nxf6 Qxf6 17. Ne4 Qg6 18. Bb2 Nd4 19. Qd3 g4 20. Bxd4 exd4 21. gxf4
Rxf4 22. Ng3 Qxd3 23. exd3 Bd7 24. Rbc1 Be5 25. Rc7 Bb5 26. Be4 b6 27. Rfc1
Raf8 28. Rc8 Bd7 29. Rxf8+ Rxf8 30. Rc7 Bxg3 31. hxg3 Bf5 32. Rc4 Bxe4 33. dxe4
d3 34. Kf1 b5 35. Rd4 Rf3 36. Ke1 Kg7 37. e5 dxe5 38. Rxg4+ Kf6 39. Rh4 Kg5 40.
Re4 Kf5 41. Rh4 d2+ 42. Kxd2 Rxf2+ 43. Ke3 Rxa2 44. Rh5+ Kf6 45. Rxh6+ Kf5 46.
g4+ Kxg4 47. d6 Kf5 48. d7 Ra3+ 1/2-1/2

[Event "4NCL/Div2/SWD-PY"]
[Site "Rd-8 Birmingham"]
[Date "2002.03.24"]
[Round "8.6"]
[White "Gilbert, Jessie"]
[Black "Morris, Charles F"]
[Result "1-0"]
[WhiteElo "2090"]
[BlackElo "2253"]
[PlyCount "159"]
[EventDate "2002.03.24"]

1. d4 d5 2. c4 e6 3. Nc3 c5 4. cxd5 exd5 5. g3 Nc6 6. Nf3 Nf6 7. Bg2 Be7 8. O-O
O-O 9. Bg5 cxd4 10. Nxd4 h6 11. Bf4 Bg4 12. h3 Be6 13. Qd2 Qd7 14. Kh2 Rac8 15.
Rac1 Rfe8 16. Rfd1 Nxd4 17. Qxd4 Bc5 18. Qd2 d4 19. Qe1 Qe7 20. Nb5 Red8 21.
Be5 Bd7 22. Bxd4 Bxb5 23. Bxc5 Rxd1 24. Bxe7 Rxe1 25. Rxc8+ Kh7 26. Bxf6 gxf6
27. e3 Re2 28. Rc2 b6 29. Rxe2 Bxe2 30. Bd5 Kg7 31. g4 Bd3 32. e4 Be2 33. Kg3
Bf1 34. f3 a5 35. h4 Be2 36. Bb3 Kf8 37. Kf2 Bb5 38. Ke3 Ke7 39. Bd5 Bf1 40. b3
Bb5 41. Bc4 Bc6 42. Kd4 Bb7 43. Kc3 Bc6 44. a3 Bd7 45. Kd4 Bc6 46. f4 Bb7 47.
h5 Bc8 48. Be2 Bb7 49. Ke3 Bc6 50. Bc4 Bd7 51. Kf3 Bc6 52. Bd5 Bd7 53. Kg3 Kf8
54. Kh4 Kg7 55. Bc4 Bc6 56. Bd5 Bd7 57. Kh3 Bc8 58. Kg3 Bd7 59. Kf3 Kf8 60. Bb7
Be6 61. Bd5 Bd7 62. Kg3 Bc8 63. Kh4 Kg7 64. g5 fxg5+ 65. fxg5 hxg5+ 66. Kxg5
f6+ 67. Kf4 Bd7 68. Bc4 Be8 69. Be2 Bf7 70. Bd1 Be6 71. e5 b5 72. h6+ Kxh6 73.
exf6 Kg6 74. Ke5 Bf7 75. Bc2+ Kg5 76. b4 axb4 77. axb4 Bc4 78. Be4 Bf7 79. Bc6
Bc4 80. Bxb5 1-0

[Event "4NCL/Div2/SWD-PY"]
[Site "Rd-8 Birmingham"]
[Date "2002.03.24"]
[Round "8.7"]
[White "Johnston, Dafydd"]
[Black "Woodward, Timothy DM"]
[Result "1-0"]
[WhiteElo "2230"]
[BlackElo "2128"]
[PlyCount "59"]
[EventDate "2002.03.24"]

1. e4 c6 2. Nc3 d5 3. Nf3 Bg4 4. h3 Bh5 5. d4 dxe4 6. Nxe4 Bg6 7. Bd3 Nd7 8.
Qe2 Ndf6 9. Bg5 Nxe4 10. Bxe4 Bxe4 11. Qxe4 Qd5 12. Qe2 e6 13. O-O Be7 14. c4
Qd8 15. d5 Bxg5 16. dxe6 Bf6 17. Rfe1 Qe7 18. exf7+ Kxf7 19. Qd3 Qc7 20. Qf5
Ne7 21. Ng5+ Ke8 22. Nxh7 Rxh7 23. Qxh7 Kf7 24. Rad1 c5 25. Qe4 Bd4 26. Qe6+
Kf8 27. Re4 g6 28. Rd3 Rd8 29. Rf3+ Nf5 30. Qxg6 1-0

[Event "4NCL/Div2/SWD-PY"]
[Site "Rd-8 Birmingham"]
[Date "2002.03.24"]
[Round "8.8"]
[White "Timms, Nicholas D"]
[Black "Cast, Abigail"]
[Result "1/2-1/2"]
[WhiteElo "2114"]
[BlackElo "2107"]
[PlyCount "47"]
[EventDate "2002.03.24"]

1. d4 d5 2. Bg5 Nf6 3. Bxf6 exf6 4. g3 Bd6 5. Bg2 c6 6. c3 Bf5 7. Nd2 Nd7 8. e4
dxe4 9. Nxe4 Bxe4 10. Bxe4 Qb6 11. Qc2 g6 12. Ne2 f5 13. Bg2 Nf6 14. O-O O-O
15. c4 c5 16. d5 Qc7 17. f4 Rfe8 18. Nc3 a6 19. Rfe1 Qd7 20. Qd3 Rxe1+ 21. Rxe1
Re8 22. Rb1 Qe7 23. Bf3 h5 24. a3 1/2-1/2

[Event "4NCL/Div2/NWE-RIC"]
[Site "Rd-8 Birmingham"]
[Date "2002.03.24"]
[Round "8.1"]
[White "Shaw, John"]
[Black "Quinn, Mark"]
[Result "0-1"]
[WhiteElo "2506"]
[BlackElo "2423"]
[PlyCount "102"]
[EventDate "2002.03.24"]

1. e4 e5 2. Nf3 Nf6 3. Nc3 Nc6 4. d4 exd4 5. Nxd4 Bb4 6. Nxc6 bxc6 7. Bd3 d5 8.
exd5 cxd5 9. O-O O-O 10. Bg5 c6 11. Qf3 Rb8 12. Na4 Bd6 13. c4 Rb4 14. b3 Be5
15. Rac1 Qd6 16. h3 Be6 17. Rfd1 h6 18. Be3 d4 19. Bd2 Rbb8 20. b4 Nd7 21. Re1
Bh2+ 22. Kh1 Ne5 23. Qe4 Nxd3 24. Qxd3 Bf4 25. c5 Qc7 26. Qxd4 Bxd2 27. Qxd2
Rfd8 28. Qb2 Qf4 29. a3 Rd3 30. Nc3 Bxh3 31. Re3 Rxe3 32. fxe3 Qxe3 33. gxh3
Rd8 34. Rc2 Rd3 35. b5 Qe1+ 36. Kh2 Rf3 37. Rg2 Qe5+ 38. Kg1 Qxc5+ 39. Kh2 Rxc3
40. bxc6 Qxc6 41. Qb8+ Kh7 42. Qe5 g6 43. Rf2 Rf3 44. Rxf3 Qxf3 45. Qe7 a5 46.
Qc5 Qf5 47. Qe7 Kg7 48. Qe3 g5 49. Qc3+ Kh7 50. Kg2 h5 51. Qe3 h4 0-1

[Event "4NCL/Div2/NWE-RIC"]
[Site "Rd-8 Birmingham"]
[Date "2002.03.24"]
[Round "8.2"]
[White "Wall, Gavin"]
[Black "Haslinger, Stewart"]
[Result "1/2-1/2"]
[WhiteElo "2378"]
[BlackElo "2294"]
[PlyCount "52"]
[EventDate "2002.03.24"]

1. e4 e5 2. Nf3 Nc6 3. Bc4 Bc5 4. O-O Nf6 5. Re1 d6 6. c3 O-O 7. Bb3 a6 8. d4
Ba7 9. h3 h6 10. Be3 Re8 11. dxe5 dxe5 12. Qxd8 Nxd8 13. Bxa7 Rxa7 14. Nbd2 Ra8
15. Nc4 Nc6 16. Ne3 Be6 17. Bxe6 Rxe6 18. Nd5 Ne8 19. b4 f6 20. Nd2 Kf7 21. Nb3
Ne7 22. c4 Rd6 23. a4 Rb8 24. Nc5 Nxd5 25. cxd5 c6 26. dxc6 Rxc6 1/2-1/2